000 00501nam a2200193Ia 4500
005 20250508150705.0
008 008 250505s9999 xx 000 0 eng d
037 _aTextual
040 _aFEDL
_beng
_cFEDL
041 _aeng
_2eng
084 _a370.942, DEN
_qFEDL
100 _aDent H C
245 0 _aBritish education
260 _aLondon, UK
_bThe British Council
_c1949
300 _a56p
650 _aEducation
942 _cTEXL
_h370.942, DEN
999 _c1325071
_d1325071